Wilayat Al-ijbar (i.e. coercive guardianship) in Islamic marriage /
Saved in:
| Main Author: | |
|---|---|
| Format: | Book |
| Language: | English Arabic |
| Published: |
Lagos, Nigeria :
Islamic International Contact,
1992.
|
| Subjects: | |
| Tags: |
Add Tag
No Tags, Be the first to tag this record!
|
| LEADER | 00978cam a2200289Ia 4500 | ||
|---|---|---|---|
| 001 | 007767314-X | ||
| 005 | 20041212103218.0 | ||
| 008 | 981006s1992 nr b 000 0 eng d | ||
| 035 | 0 | |a ocm40046486 | |
| 040 | |a FUG |c FUG |d HVL | ||
| 041 | 0 | |a eng |a ara | |
| 043 | |a f------ |a a------ | ||
| 050 | 4 | |a BP190.5.M27 |b Z821 1992 | |
| 090 | |a BP190.5.M27 |b Z821 1992 | ||
| 100 | 1 | |a Zubair, ʻAbdul-Qadir. | |
| 245 | 1 | 0 | |a Wilayat Al-ijbar (i.e. coercive guardianship) in Islamic marriage / |c by Abdul-Qadir Zubair. |
| 246 | 3 | |a Wilayat Al-ijbar in Islamic marriage | |
| 246 | 3 | 0 | |a Coercive guardianship in Islamic marriage |
| 260 | |a Lagos, Nigeria : |b Islamic International Contact, |c 1992. | ||
| 300 | |a iii, 62 p. ; |c 21 cm. | ||
| 546 | |a In English and Arabic. | ||
| 504 | |a Includes bibliographical references (p. 57-62). | ||
| 650 | 0 | |a Marriage (Islamic law) | |
| 650 | 0 | |a Marriage |z Islamic countries. | |
| 650 | 0 | |a Marriage |x Religious aspects |x Islam. | |
| 988 | |a 20020608 | ||
| 906 | |0 OCLC | ||


